Sports Quiz

Random Sports Quiz
Score 0/22 Timer 05:00
0 Plays Today
Player % Correct
Ronnie O'Sullivan
98.9%
John Higgins
95.3%
Stephen Hendry
92.4%
Mark Williams
91.6%
Neil Robertson
87.2%
Mark Selby
85.4%
Ding Junhui
83.6%
Shaun Murphy
83.1%
Peter Ebdon
79%
Graeme Dott
76.3%
Ken Doherty
73.6%
Player % Correct
Jimmy White
68.2%
Stephen Maguire
66.1%
Paul Hunter
66%
Matthew Stevens
63.6%
Marco Fu
62.3%
Ali Carter
59.8%
Stephen Lee
52.9%
Dominic Dale
37.5%
Ricky Walden
26.5%
Chris Small
21.7%
David Gray
19.4%
Remove Ads.
Support Sporcle.
Get the best of Sporcle when you Go Orange. This ad-free experience offers more features, more stats, and more fun while also helping to support Sporcle. Thank you for becoming a member.

You're not logged in!

Compare scores with friends on all Sporcle quizzes.
OR
Log In

Sporcle TV

Today on Sporcle TV


Watch our educational content, quiz creation guides, and fun videos on Sporcle TV.

Show Comments

Extras

Top Quizzes Today


Score Distribution

Paid Content

Your Account Isn't Verified!

In order to create a playlist on Sporcle, you need to verify the email address you used during registration. Go to your Sporcle Settings to finish the process.

Report this User

Report this user for behavior that violates our Community Guidelines.

Details: